LEADER 01272nam a2200313 a 4500 001 000000135849 003 CaOOAMICUS 005 20131021113245.0 008 131021s2013 it u000 u ita r 020 $a978-88-548-5906-7 040 $aPUL$bita 082 04$a228 130 0 $aBiblia.$pN.T.$pApocalypsis.$lItaliano e greco.$0(OLS)http://pul/title/41120 245 10$aApocalisse :$btraduzione e analisi filologica /$cAlessandro Belano. 260 $aRoma :$bAracne,$cİ2013. 300 $a944 p. ;$c24 cm 490 1 $aAlef Omega ;$v01 504 $aBibliografia in nota. 630 04$aBiblia.$pN.T.$pApocalypsis$xCritica testuale.$0(OLS)http://pul/subject/7011 700 1 $aBelano, Alessandro.$0(OLS)http://pul/name/87455 830 0$aAlef Omega ;$v01.$0(OLS)http://pul/title/171746 850 $aPUL 852 $aPUL$W1$xSL Religione 3$y85$m228 BELAL 1$j156674$qDDC 21$B156014$CPULBib$Z2$F156014 $H123022 $82 941 1 $a9 996 $6020$a978-88-548-5906-7$9(OLS)http://pul/number/153760 996 $6082$a228$9(OLS)http://pul/classification/750 996 $6245$aApocalisse :$btraduzione e analisi filologica$9(OLS)http://pul/title/171745 996 $6260$aRoma :$bAracne$9(OLS)http://pul/publisher/62189 LEADER 01809nam a2200361 a 4500 001 000000174427 003 CaOOAMICUS 005 20210412154710.0 008 210412s2020 it u000 u ita r 020 $a978-88-6788-230-4* 032 $aLibriCat 040 $aPUL$bita 082 04$a189 100 1 $aPinna, Samuele,$csac.$0(OLS)http://pul/name/97662 245 03$aIl desiderio di vedere Dio :$bamore e misericordia in Dante / $cSamuele Pinna ; presentazione di Franco Nembrini. 260 $aRoma :$bAteneo Pontificio Regina Apostolorum,$cİ2020$aRoma :$bIF Press 300 $a317 p. ;$c24 cm 490 1 $aRicerche di storia della filosofia e teologia medioevali ;$v17 504 $aBibliografia in nota e a pp. 285-297. 600 04$aDante Alighieri,$d1265-1321$xTeologia.$0(OLS)http://pul/subject/40591 650 4$aFilosofia cristiana$yEvo medio.$0(OLS)http://pul/subject/5142 650 4$aTeologia medievale.$0(OLS)http://pul/subject/885 710 0 $aAteneo Pontificio Regina Apostolorum. $bCattedra Marco Arosio di alti studi medievali.$0(OLS)http://pul/name/110820 830 0$aRicerche di storia della filosofia e teologia medioevali ;$v17.$0(OLS)http://pul/title/202100 850 $aPUL 852 $aPUL$W1$xSL Filosofia 3$y81$m189 PINSA 2$j198742$qDDC 21$B203357$CPULBib$Z2$F203357 $H134902 $82 941 1 $a9 996 $6020$a978-88-6788-230-4*$9(OLS)http://pul/number/168118 996 $6082$a189$9(OLS)http://pul/classification/439 996 $6245$aIl desiderio di vedere Dio :$bamore e misericordia in Dante / $9(OLS)http://pul/title/215697 996 $6260$aRoma :$bAteneo Pontificio Regina Apostolorum$9(OLS)http://pul/publisher/74684 996 $6260$aRoma :$bIF Press$9(OLS)http://pul/publisher/83036